000
00388nam a2200133Ia 4500
008
100328s9999 xx 000 0 und d
082
_b
4427
100
_a
राजोपाये वसंत
245
_a
उस्तादी गायकी
260
_b
---
630
_a
उस्तादी गायकी
730
_a
उस्तादी गायकी
942
_c
BOOK
999
_c
500481
_d
500478